| 000 | 00642nam a22002177a 4500 | ||
|---|---|---|---|
| 003 | NALT | ||
| 005 | 20220425083657.0 | ||
| 008 | s2010 eng d | ||
| 020 | _a9789888054169 | ||
| 040 | _aNALT | ||
| 041 | _aeng | ||
| 090 |
_aKS 107.C6 _bZ42C 2010 |
||
| 245 | 0 | 0 | _aChina patent legal system and practice. |
| 260 |
_aBeijing, China : _bLexisNexis, _c2010. |
||
| 300 |
_a479 p. ; _b _c25 cm. |
||
| 650 | 0 |
_aPatent laws and legislation _941070 _zChina |
|
| 700 | 1 |
_944151 _aXu, Xingxiang |
|
| 850 | _aNALT | ||
| 942 |
_cLB _2local |
||
| 998 |
_bปรียานุช คลอวุฒิวัฒน์ _bphon _c101 _j104 _k สายฝน ดีงาม |
||
| 999 |
_c69076 _d69076 |
||